[Event "3. ODEM U25 2006"]
[Site "Willingen GER"]
[Date "2006.06.10"]
[Round "9"]
[White "Quaschner, Tobias"]
[Black "Hinz, Arne"]
[Result "0-1"]
[Termination "normal"]
[Board "24"]
[WhiteElo "1693"]
[BlackElo "1784"]
[PlyCount "46"]
[WhiteFideId "24646989"]
[BlackFideId "24634875"]
[EventCountry "GER"]
[EventRounds "9"]
[EventType "swiss"]
[EventDate "2006.06.03"]

1. e4 e5 2. Nf3 Nf6 3. Nxe5 d6 4. Nf3 Nxe4 5. Nc3 Nf6 6. d4 Be7 7. Be3 O-O 8.
Qd2 c6 9. O-O-O Nbd7 10. Bc4 b5 11. Be2 b4 12. Nb1 a5 13. Bd3 Nb6 14. Bf4 Be6
15. a3 bxa3 16. Nxa3 d5 17. Qc3 Ne4 18. Bxe4 dxe4 19. Ne5 Nd5 20. Qd2 Bxa3 21.
bxa3 Qe7 22. c3 Qxa3+ 23. Kc2 Rfb8 0-1

[Event "3. ODEM U25 2006"]
[Site "Willingen GER"]
[Date "2006.06.10"]
[Round "9"]
[White "Gonnermann, Jan"]
[Black "Völz, Michael"]
[Result "1/2-1/2"]
[Termination "normal"]
[Board "25"]
[WhiteElo "1689"]
[BlackElo "1629"]
[PlyCount "37"]
[WhiteFideId "24646830"]
[BlackFideId "24640107"]
[EventCountry "GER"]
[EventRounds "9"]
[EventType "swiss"]
[EventDate "2006.06.03"]

1. e4 e5 2. Nf3 Nc6 3. d4 exd4 4. Bc4 Nf6 5. O-O d6 6. Ng5 Ne5 7. Bb3 h6 8. Nf3
Bg4 9. Nbd2 d3 10. c3 Be7 11. h3 Bxf3 12. gxf3 g5 13. Nc4 Qd7 14. Kg2 Nh5 15.
Kh2 Ng6 16. Rg1 Ngf4 17. Bxf4 Nxf4 18. Rg3 h5 19. Ne3 1/2-1/2

[Event "3. ODEM U25 2006"]
[Site "Willingen GER"]
[Date "2006.06.10"]
[Round "9"]
[White "Maier, Marius"]
[Black "Jung, Gerhard"]
[Result "0-1"]
[Termination "normal"]
[Board "26"]
[WhiteElo "1439"]
[BlackElo "1836"]
[PlyCount "92"]
[BlackFideId "24629812"]
[EventCountry "GER"]
[EventRounds "9"]
[EventType "swiss"]
[EventDate "2006.06.03"]

1. d4 Nf6 2. Nf3 g6 3. Bf4 d6 4. e3 Bg7 5. Bc4 O-O 6. O-O Nc6 7. h3 Qe8 8. Bb5
a6 9. Bxc6 Qxc6 10. Nbd2 Re8 11. Re1 b5 12. e4 Bb7 13. d5 Qd7 14. b3 Nh5 15.
Be3 Bxa1 16. Qxa1 e5 17. dxe6 fxe6 18. Bh6 e5 19. Nf1 Nf6 20. Ng3 Kh8 21. Qc1
Ng8 22. Bd2 Rf8 23. Bc3 Rae8 24. Rd1 Qg7 25. Qe3 Bc8 26. Ne2 Rf6 27. Bb2 h6 28.
Rd2 Kh7 29. Nc3 Ne7 30. Nd1 Qf7 31. Nh2 h5 32. c3 Qg7 33. Rc2 Qh6 34. Qd3 Qg7
35. Qe3 Ref8 36. Bc1 Nc6 37. a3 Be6 38. b4 Bb3 39. Rd2 Bxd1 40. Rxd1 Nd8 41.
Qg3 Ne6 42. Nf3 Kg8 43. Be3 Nf4 44. Bxf4 Rxf4 45. Ng5 Qf6 46. Rd2 h4 0-1

[Event "3. ODEM U25 2006"]
[Site "Willingen GER"]
[Date "2006.06.10"]
[Round "9"]
[White "Emde, Daniel"]
[Black "Weißbeck, Simon"]
[Result "1-0"]
[Termination "normal"]
[Board "27"]
[WhiteElo "1636"]
[BlackElo "1672"]
[PlyCount "115"]
[WhiteFideId "24602221"]
[BlackFideId "24646865"]
[EventCountry "GER"]
[EventRounds "9"]
[EventType "swiss"]
[EventDate "2006.06.03"]

1. d4 Nf6 2. Nf3 g6 3. c4 Bg7 4. Nc3 O-O 5. e4 d6 6. h3 e5 7. d5 Na6 8. Bg5 h6
9. Bh4 Nc5 10. Nd2 a5 11. f3 g5 12. Bf2 Nfd7 13. g4 Qf6 14. Qe2 b6 15. Qe3 Ba6
16. h4 Qe7 17. hxg5 Qxg5 18. Rh5 Qxe3+ 19. Bxe3 Kh7 20. Be2 Kg6 21. O-O-O Rh8
22. Rdh1 Nf6 23. R5h2 Ncd7 24. Bf1 Nc5 25. Bh3 Nd3+ 26. Kc2 Nb4+ 27. Kd1 Nd3
28. Kc2 Nb4+ 29. Kb1 Nd3 30. g5 Ng4 31. Bxg4 hxg5 32. Bf5+ Kf6 33. Rh5 Nf4 34.
Bxf4 exf4 35. Rxh8 Rxh8 36. Rxh8 Bxh8 37. Kc2 Ke7 38. a3 Kd8 39. b4 axb4 40.
axb4 Bc8 41. Bxc8 Kxc8 42. b5 Kd7 43. Kd3 Ke7 44. Ne2 Kf6 45. Nd4 Kg6 46. Nf5
Kh5 47. Ke2 g4 48. fxg4+ Kxg4 49. Nh6+ Kg3 50. Nxf7 Bc3 51. Nf3 Bf6 52. Nh6 Be5
53. Nf5+ Kg2 54. Ne7 Bf6 55. Ng6 Be5 56. Ngxe5 dxe5 57. Nxe5 f3+ 58. Nxf3 1-0

[Event "3. ODEM U25 2006"]
[Site "Willingen GER"]
[Date "2006.06.10"]
[Round "9"]
[White "Bergner, Philipp"]
[Black "Tiemann, Christoph"]
[Result "1/2-1/2"]
[Termination "normal"]
[Board "28"]
[WhiteElo "1668"]
[BlackElo "1536"]
[PlyCount "40"]
[WhiteFideId "24664839"]
[BlackFideId "24676900"]
[EventCountry "GER"]
[EventRounds "9"]
[EventType "swiss"]
[EventDate "2006.06.03"]

1. c4 e5 2. Nc3 Nf6 3. Nf3 Nc6 4. e3 d5 5. cxd5 Nxd5 6. Bb5 Nxc3 7. bxc3 Bd6 8.
d4 Bd7 9. O-O exd4 10. cxd4 O-O 11. Re1 Qe8 12. Bb2 f5 13. a3 Kh8 14. Nd2 Ne7
15. Be2 Nd5 16. Nc4 Qe7 17. Bf3 Bc6 18. Qb3 Nb6 19. Bxc6 bxc6 20. Nxd6 cxd6
1/2-1/2

[Event "3. ODEM U25 2006"]
[Site "Willingen GER"]
[Date "2006.06.10"]
[Round "9"]
[White "Eigemann, Julian"]
[Black "Sancar, Kenan"]
[Result "1-0"]
[Termination "normal"]
[Board "29"]
[WhiteElo "1468"]
[BlackElo "1661"]
[PlyCount "109"]
[WhiteFideId "24666599"]
[BlackFideId "24647543"]
[EventCountry "GER"]
[EventRounds "9"]
[EventType "swiss"]
[EventDate "2006.06.03"]

1. e4 d5 2. exd5 Qxd5 3. Nc3 Qd6 4. d4 Nf6 5. Nf3 a6 6. Be2 b5 7. O-O Bb7 8.
Bg5 Nbd7 9. Qd2 e6 10. Rad1 Be7 11. Bf4 Qb6 12. Ne5 Rd8 13. Qe3 O-O 14. Qg3 Kh8
15. Qh3 c5 16. Bh5 Nxh5 17. Qxh5 Nf6 18. Qh3 cxd4 19. Ne2 Be4 20. c3 dxc3 21.
Rxd8 Bxd8 22. Nxc3 Bc7 23. Nxe4 Nxe4 24. Nd7 Qa7 25. Nxf8 Kg8 26. Bxc7 Kxf8 27.
Be5 Ng5 28. Qa3+ Ke8 29. Bxg7 a5 30. Qf8+ Kd7 31. Bf6 Kc6 32. Rc1+ Kd5 33. Qd8+
Ke4 34. Qd2 h6 35. Re1+ Kf5 36. Bxg5 hxg5 37. Qe3 Qd7 38. Qe5+ Kg6 39. g3 a4
40. Qe4+ Kg7 41. Qg4 Kh6 42. h4 gxh4 43. Re5 f5 44. Qxh4+ Kg6 45. g4 Qd1+ 46.
Kg2 f4 47. Qg5+ Kf7 48. Qxf4+ Ke7 49. Qg5+ Kf7 50. Qh5+ Ke7 51. Qf5 b4 52.
Qxe6+ Kf8 53. Qf6+ Kg8 54. Rg5+ Kh7 55. Qg7# 1-0

[Event "3. ODEM U25 2006"]
[Site "Willingen GER"]
[Date "2006.06.10"]
[Round "9"]
[White "Balz, Christian"]
[Black "Kahleys, Kevin"]
[Result "1/2-1/2"]
[Termination "normal"]
[Board "30"]
[WhiteElo "1637"]
[BlackElo "1448"]
[PlyCount "29"]
[WhiteFideId "24664367"]
[BlackFideId "24669601"]
[EventCountry "GER"]
[EventRounds "9"]
[EventType "swiss"]
[EventDate "2006.06.03"]

1. e4 e6 2. d4 d5 3. Nc3 Bb4 4. e5 c5 5. a3 Bxc3+ 6. bxc3 Ne7 7. Qg4 Ng6 8. h4
h5 9. Qg3 Nc6 10. Bd3 Nce7 11. Bg5 Qa5 12. Ne2 Nf5 13. Bxf5 exf5 14. O-O Be6
15. Qd3 1/2-1/2

[Event "3. ODEM U25 2006"]
[Site "Willingen GER"]
[Date "2006.06.10"]
[Round "9"]
[White "Häcker, Katrin"]
[Black "Billing, Alexander"]
[Result "0-1"]
[Termination "normal"]
[Board "31"]
[WhiteElo "1457"]
[BlackElo "1790"]
[PlyCount "102"]
[WhiteFideId "24667986"]
[BlackFideId "24624420"]
[EventCountry "GER"]
[EventRounds "9"]
[EventType "swiss"]
[EventDate "2006.06.03"]

1. e4 e6 2. d4 d5 3. Nc3 Bb4 4. exd5 exd5 5. Bd3 Nf6 6. Bg5 O-O 7. Nge2 h6 8.
Bh4 c6 9. O-O Be6 10. Nf4 Bd6 11. Nce2 Nbd7 12. Nxe6 fxe6 13. Bg3 e5 14. f3 Qc7
15. dxe5 Nxe5 16. f4 Nxd3 17. Qxd3 Ne4 18. Rae1 Rf5 19. Rf3 Raf8 20. Ref1 Nxg3
21. hxg3 Qb6+ 22. Nd4 Bc5 23. c3 Qxb2 24. R3f2 Bxd4 25. Qxd4 Qb6 26. Qxb6 axb6
27. Rb2 b5 28. a4 bxa4 29. Rxb7 Ra8 30. Ra1 Rf7 31. Rb6 Rc7 32. Ra3 Kf8 33. Kf2
Ke7 34. Ke3 Kd6 35. Kd4 Rca7 36. c4 Ra5 37. cxd5 Rxd5+ 38. Kc4 g5 39. fxg5 Rxg5
40. Rb4 Rg4+ 41. Kc3 Rxg3+ 42. Kb2 Rxg2+ 43. Kc3 Rg3+ 44. Kb2 Rxa3 45. Kxa3 c5
46. Rh4 Kc6 47. Rxh6+ Kb5 48. Rh1 Rg8 49. Rb1+ Ka5 50. Rc1 Rg3+ 51. Ka2 Kb4 0-1

[Event "3. ODEM U25 2006"]
[Site "Willingen GER"]
[Date "2006.06.10"]
[Round "9"]
[White "Biebinger, Eva"]
[Black "Mertens, Fridolin"]
[Result "1-0"]
[Termination "normal"]
[Board "32"]
[WhiteElo "1344"]
[BlackElo "1694"]
[PlyCount "71"]
[BlackFideId "24671940"]
[EventCountry "GER"]
[EventRounds "9"]
[EventType "swiss"]
[EventDate "2006.06.03"]

1. c4 Nf6 2. Nc3 e6 3. g3 Bc5 4. e3 d6 5. Bg2 Nc6 6. a3 a6 7. Nge2 O-O 8. d4
Ba7 9. O-O Rb8 10. b4 Ne7 11. Bb2 c5 12. dxc5 dxc5 13. b5 Qc7 14. Nf4 b6 15. a4
a5 16. Ne4 Nxe4 17. Bxe4 Bb7 18. Bc2 Ng6 19. Nh5 e5 20. f4 Rbd8 21. Qe2 Bb8 22.
Rad1 Qe7 23. Rxd8 Rxd8 24. f5 Nf8 25. f6 gxf6 26. Rxf6 Rd6 27. Qf2 Ng6 28. Qf5
Qd7 29. Qxd7 Rxd7 30. Rxg6+ fxg6 31. Nf6+ Kf7 32. Nxd7 Ba7 33. Nxe5+ Ke6 34.
Kf2 Bb8 35. Nf3 Bc7 36. Ng5+ 1-0

[Event "3. ODEM U25 2006"]
[Site "Willingen GER"]
[Date "2006.06.10"]
[Round "9"]
[White "Weber, Andre"]
[Black "Kinzel, Franziska"]
[Result "1/2-1/2"]
[Termination "normal"]
[Board "33"]
[WhiteElo "1611"]
[BlackElo "1426"]
[PlyCount "40"]
[WhiteFideId "24677515"]
[EventCountry "GER"]
[EventRounds "9"]
[EventType "swiss"]
[EventDate "2006.06.03"]

1. e4 c6 2. d4 d5 3. exd5 cxd5 4. Nf3 Bf5 5. Bd3 Bxd3 6. Qxd3 a6 7. Bf4 Nc6 8.
c3 e6 9. Nbd2 Nf6 10. O-O Nd7 11. Rfe1 Be7 12. b3 O-O 13. a3 Nb6 14. c4 dxc4
15. bxc4 Bf6 16. Nb3 Rc8 17. Rad1 Ne7 18. Nc5 Ng6 19. Bg3 Qe7 20. Rc1 Rfd8
1/2-1/2

[Event "3. ODEM U25 2006"]
[Site "Willingen GER"]
[Date "2006.06.10"]
[Round "9"]
[White "Wenninger, Philipp"]
[Black "Kamrla, Robin"]
[Result "1-0"]
[Termination "normal"]
[Board "34"]
[WhiteElo "1021"]
[BlackElo "1532"]
[PlyCount "83"]
[WhiteFideId "4648404"]
[EventCountry "GER"]
[EventRounds "9"]
[EventType "swiss"]
[EventDate "2006.06.03"]

1. d4 Nf6 2. c4 g6 3. Nc3 Bg7 4. e4 d6 5. f3 O-O 6. Be3 Nbd7 7. Bd3 e5 8. Nge2
Re8 9. d5 Rf8 10. Qd2 Ne8 11. g4 c6 12. O-O-O cxd5 13. cxd5 Qc7 14. h4 Nc5 15.
Kb1 Nxd3 16. Qxd3 f5 17. gxf5 gxf5 18. Rdg1 f4 19. Bf2 a6 20. h5 h6 21. Rg6 Kh8
22. Rc1 Bd7 23. Qd2 Qa5 24. Qd3 b5 25. a3 b4 26. axb4 Qxb4 27. Na2 Qb7 28. Bh4
Rb8 29. Qd2 Nf6 30. Rcg1 Rf7 31. Bxf6 Rxf6 32. Rxg7 Qb5 33. Nec3 Qb6 34. R1g2
Bb5 35. R2g6 Rxg6 36. Rxg6 Bd3+ 37. Kc1 Bc4 38. Rxh6+ Kg7 39. Qg2+ Kf8 40. Rh8+
Kf7 41. Qg6+ Ke7 42. Qg7# 1-0

[Event "3. ODEM U25 2006"]
[Site "Willingen GER"]
[Date "2006.06.10"]
[Round "9"]
[White "Tiemann, Tobias"]
[Black "Rummer, Evi"]
[Result "0-1"]
[Termination "normal"]
[Board "35"]
[WhiteElo "989"]
[BlackElo "1530"]
[PlyCount "30"]
[WhiteFideId "4642350"]
[BlackFideId "12900117"]
[EventCountry "GER"]
[EventRounds "9"]
[EventType "swiss"]
[EventDate "2006.06.03"]

1. Nc3 Nf6 2. e4 e5 3. Nf3 Nc6 4. Bb5 Bc5 5. O-O d6 6. d4 exd4 7. Nxd4 Bd7 8.
Nxc6 bxc6 9. Bc4 O-O 10. Kh1 Ng4 11. Qd2 Qh4 12. h3 Nxf2+ 13. Kh2 Bxh3 14. Rxf2
Bxf2 15. Qf4 Bg4# 0-1

[Event "3. ODEM U25 2006"]
[Site "Willingen GER"]
[Date "2006.06.10"]
[Round "9"]
[White "Plumbaum, Nadja"]
[Black "Schäfer, Simon"]
[Result "0-1"]
[Termination "normal"]
[Board "36"]
[WhiteElo "971"]
[BlackElo "1488"]
[PlyCount "158"]
[WhiteFideId "24691941"]
[EventCountry "GER"]
[EventRounds "9"]
[EventType "swiss"]
[EventDate "2006.06.03"]

1. c4 c5 2. Nc3 Nc6 3. Nf3 g6 4. g3 Bg7 5. Bg2 Nf6 6. d3 O-O 7. O-O d6 8. Bd2
Bd7 9. Qc1 Qc8 10. Re1 Re8 11. a3 Rb8 12. Rb1 a6 13. b4 cxb4 14. axb4 b5 15.
cxb5 axb5 16. Qb2 Nd5 17. Ng5 Nxc3 18. Bxc3 Bxc3 19. Qxc3 Ne5 20. Qxc8 Rexc8
21. Rec1 Bc6 22. Bxc6 Nxc6 23. Ra1 Nxb4 24. Rxc8+ Rxc8 25. Rb1 Nc6 26. Rxb5 Nd4
27. Rb7 f6 28. Ne4 Kf8 29. e3 Nf3+ 30. Kg2 Ne1+ 31. Kf1 Nxd3 32. Nxd6 exd6 33.
Rxh7 Re8 34. Rd7 Re6 35. Rh7 Ne5 36. Ra7 Re7 37. Ra6 Rd7 38. Kg2 Ke7 39. f4 Nc4
40. Kf2 Nd2 41. Ra4 f5 42. h3 Ne4+ 43. Kf3 Kf6 44. g4 Rh7 45. g5+ Ke6 46. Kg2
Rc7 47. Ra8 Rc2+ 48. Kg1 Re2 49. h4 Rxe3 50. Rh8 Rg3+ 51. Kh2 d5 52. h5 gxh5
53. Rh6+ Kf7 54. Rxh5 Kg6 55. Rh6+ Kg7 56. Rf6 Rxg5 57. fxg5 Nxf6 58. gxf6+
Kxf6 59. Kg3 Ke5 60. Kf3 Kd4 61. Kf4 Kc3 62. Kxf5 d4 63. Ke4 d3 64. Ke3 d2 65.
Ke2 Kc2 66. Ke3 d1=Q 67. Ke4 Qd3+ 68. Ke5 Kc3 69. Kf4 Qe2 70. Kg3 Qe3+ 71. Kg4
Qf2 72. Kg5 Qf3 73. Kg6 Qf4 74. Kg7 Qf5 75. Kh8 Qd7 76. Kg8 Kd4 77. Kf8 Ke5 78.
Kg8 Kf6 79. Kh8 Qg7# 0-1

[Event "3. ODEM U25 2006"]
[Site "Willingen GER"]
[Date "2006.06.10"]
[Round "9"]
[White "Worpenberg, Matthias"]
[Black "Durmisi, Valon"]
[Result "0-1"]
[Termination "normal"]
[Board "37"]
[WhiteElo "951"]
[BlackElo "1570"]
[PlyCount "68"]
[WhiteFideId "24618128"]
[EventCountry "GER"]
[EventRounds "9"]
[EventType "swiss"]
[EventDate "2006.06.03"]

1. e4 e5 2. Bc4 Nf6 3. d3 Nc6 4. Nc3 Bc5 5. Bg5 h6 6. Bh4 g5 7. Bg3 d6 8. h4 g4
9. Nge2 Be6 10. Bb5 Qd7 11. Qd2 Bb6 12. f4 gxf3 13. gxf3 Nh5 14. Rg1 Bxg1 15.
Bxe5 dxe5 16. Nxg1 a6 17. Ba4 b5 18. Bb3 Bxb3 19. axb3 Nf4 20. O-O-O Nd4 21.
Nge2 Nfxe2+ 22. Nxe2 Nxf3 23. Qe3 Nd4 24. Nxd4 Qxd4 25. Qg3 O-O-O 26. Qg4+ Kb8
27. Qg7 Rhg8 28. Qxh6 Rg1 29. Rxg1 Qxg1+ 30. Kd2 Qf2+ 31. Kd1 Rg8 32. Qf8+ Rxf8
33. h5 Rg8 34. h6 Qg1+ 0-1

[Event "3. ODEM U25 2006"]
[Site "Willingen GER"]
[Date "2006.06.10"]
[Round "9"]
[White "Holle, Eric"]
[Black "Huynh, Nhi Lang"]
[Result "0-1"]
[Termination "normal"]
[Board "38"]
[WhiteElo "878"]
[BlackElo "1464"]
[PlyCount "48"]
[WhiteFideId "4624610"]
[BlackFideId "24669180"]
[EventCountry "GER"]
[EventRounds "9"]
[EventType "swiss"]
[EventDate "2006.06.03"]

1. e4 c5 2. Nf3 Nc6 3. d4 cxd4 4. Nxd4 g6 5. Nc3 Bg7 6. Be3 Nf6 7. Bc4 a6 8. a3
O-O 9. O-O b5 10. Bb3 Bb7 11. Qe2 Nxd4 12. Bxd4 Nxe4 13. Nxe4 Bxd4 14. c3 Bg7
15. Rad1 d6 16. Bd5 Qc7 17. Rfe1 Rad8 18. Ng5 Bxd5 19. Rxd5 e6 20. Rd3 d5 21.
Nxe6 fxe6 22. Qxe6+ Qf7 23. Qxa6 Qxf2+ 24. Kh1 Qxe1# 0-1

[Event "3. ODEM U25 2006"]
[Site "Willingen GER"]
[Date "2006.06.10"]
[Round "9"]
[White "Wierum, Colin"]
[Black "Imcke, Patrick"]
[Result "0-1"]
[Termination "normal"]
[Board "39"]
[WhiteElo "1459"]
[BlackElo "1186"]
[PlyCount "64"]
[WhiteFideId "24677981"]
[BlackFideId "4622502"]
[EventCountry "GER"]
[EventRounds "9"]
[EventType "swiss"]
[EventDate "2006.06.03"]

1. e4 e5 2. Bc4 Nf6 3. d3 Bc5 4. Nc3 O-O 5. Bg5 d6 6. Qd2 Be6 7. Nge2 h6 8. Bh4
Nc6 9. Bg3 Qd7 10. O-O-O a6 11. f4 Ng4 12. f5 Be3 13. Qxe3 Nxe3 14. fxe6 fxe6
15. Rde1 Nxc4 16. dxc4 Rab8 17. Rd1 Qe7 18. Rd2 Qg5 19. Rhd1 Rf7 20. Ng1 Nd4
21. Nh3 Qe7 22. Nf2 Rbf8 23. Nd3 Rf1 24. c5 Nb5 25. cxd6 cxd6 26. Nxb5 Rxd1+
27. Rxd1 axb5 28. Nf2 Rd8 29. Nd3 d5 30. exd5 Rxd5 31. Nxe5 Qg5+ 32. Kb1 Rxd1#
0-1

[Event "3. ODEM U25 2006"]
[Site "Willingen GER"]
[Date "2006.06.10"]
[Round "9"]
[White "Naundorf, Jo-Jan"]
[Black "Heinrich, Philipp"]
[Result "1-0"]
[Termination "normal"]
[Board "40"]
[WhiteElo "1244"]
[BlackElo "1180"]
[PlyCount "65"]
[EventCountry "GER"]
[EventRounds "9"]
[EventType "swiss"]
[EventDate "2006.06.03"]

1. e4 e5 2. Nf3 Nc6 3. Bb5 a6 4. Bxc6 dxc6 5. O-O Bd6 6. d4 Bg4 7. dxe5 Bxe5 8.
Qxd8+ Rxd8 9. Nxe5 h5 10. h3 Bd1 11. Na3 Ne7 12. Re1 h4 13. Bf4 Bh5 14. Nd3 Rc8
15. Nc5 O-O 16. Nxb7 Rb8 17. Nc5 Rxb2 18. Nxa6 Ra8 19. Nc4 Rxc2 20. Ne3 Re2 21.
Rxe2 Bxe2 22. Nxc7 Ra4 23. Bh2 Rxe4 24. a4 c5 25. a5 Nc6 26. a6 Rb4 27. f3 Rb3
28. Ned5 f5 29. Ne7+ Nxe7 30. a7 Nc6 31. a8=Q+ Rb8 32. Qxc6 Rc8 33. Qe6+ 1-0

[Event "3. ODEM U25 2006"]
[Site "Willingen GER"]
[Date "2006.06.10"]
[Round "9"]
[White "Hauffen, Kai"]
[Black "Dräger, Julian"]
[Result "0-1"]
[Termination "normal"]
[Board "41"]
[WhiteElo "1218"]
[BlackElo "1125"]
[PlyCount "110"]
[EventCountry "GER"]
[EventRounds "9"]
[EventType "swiss"]
[EventDate "2006.06.03"]

1. e4 e5 2. Bc4 Nc6 3. Nf3 Nf6 4. d3 Bc5 5. Nc3 d6 6. Bg5 Bb4 7. O-O Bxc3 8.
bxc3 h6 9. Bh4 O-O 10. Rb1 Na5 11. Bb3 Be6 12. Re1 c5 13. Bxe6 fxe6 14. Qd2 b6
15. Rbd1 b5 16. d4 Nc4 17. Qc1 cxd4 18. cxd4 exd4 19. Nxd4 Qd7 20. Qb1 a6 21.
Nf3 Ng4 22. Bg3 e5 23. h3 Nf6 24. Nxe5 Qe6 25. Nxc4 Qxc4 26. Qb3 Rad8 27. Qxc4+
bxc4 28. f3 Rfe8 29. Rxd6 Rxd6 30. Bxd6 Rd8 31. Be7 Rd2 32. Bxf6 gxf6 33. Rc1
Kf7 34. a4 c3 35. g4 Ke6 36. f4 Re2 37. Kf1 Rxe4 38. Re1 Kd5 39. Rxe4 Kxe4 40.
f5 Kf4 41. Ke2 Kg3 42. Kd3 Kxh3 43. Kxc3 Kxg4 44. Kd4 h5 45. c4 h4 46. c5 h3
47. c6 h2 48. c7 h1=Q 49. c8=Q Qd1+ 50. Kc5 Qc2+ 51. Kd6 Qxc8 52. Ke7 Kxf5 53.
Kf7 Qd7+ 54. Kf8 Kg6 55. Kg8 Qe8# 0-1

[Event "3. ODEM U25 2006"]
[Site "Willingen GER"]
[Date "2006.06.10"]
[Round "9"]
[White "Weißbeck, Joachim Daniel"]
[Black "Kabitzke, Julian"]
[Result "1/2-1/2"]
[Termination "normal"]
[Board "42"]
[WhiteElo "1233"]
[BlackElo "1363"]
[PlyCount "111"]
[WhiteFideId "4639227"]
[BlackFideId "24669547"]
[EventCountry "GER"]
[EventRounds "9"]
[EventType "swiss"]
[EventDate "2006.06.03"]

1. e4 e6 2. d4 d5 3. e5 c5 4. c3 Qb6 5. Nf3 Nc6 6. a3 c4 7. Be2 Be7 8. O-O Bd7
9. Nbd2 f6 10. exf6 Nxf6 11. Rb1 Qc7 12. b4 b5 13. Re1 O-O 14. Bf1 Bd6 15. g3
e5 16. dxe5 Nxe5 17. Nd4 a6 18. Bg2 Nd3 19. Re2 Rae8 20. N2f3 Ng4 21. Ra2 Re7
22. h3 Nf6 23. Re2 Rxe2 24. Nxe2 Qc8 25. Kh2 Nxf2 26. Qd4 Nxh3 27. Nf4 Nxf4 28.
Bxf4 Bxf4 29. gxf4 Bf5 30. Re1 Qc7 31. Ng5 h6 32. Bxd5+ Kh8 33. Ne6 Bxe6 34.
Rxe6 Nxd5 35. Rxh6+ Kg8 36. Qxd5+ Qf7 37. Qxf7+ Rxf7 38. Rxa6 Rxf4 39. Ra8+ Kh7
40. Rb8 Rf3 41. Rxb5 Rxc3 42. Rc5 Rxa3 43. Rxc4 Rb3 44. Kg2 g5 45. Rc6 Rxb4 46.
Kg3 Kg7 47. Rd6 Kf7 48. Rc6 Re4 49. Rb6 Rc4 50. Rd6 Rc1 51. Kg2 Re1 52. Kf3 Rg1
53. Kf2 Rc1 54. Kg3 Rf1 55. Kg4 Rf6 56. Rd5 1/2-1/2

[Event "3. ODEM U25 2006"]
[Site "Willingen GER"]
[Date "2006.06.10"]
[Round "9"]
[White "Lebeda, Lukas"]
[Black "Berger, Manuel"]
[Result "1/2-1/2"]
[Termination "normal"]
[Board "43"]
[WhiteElo "1253"]
[BlackElo "1129"]
[PlyCount "85"]
[BlackFideId "24692506"]
[EventCountry "GER"]
[EventRounds "9"]
[EventType "swiss"]
[EventDate "2006.06.03"]

1. c4 c5 2. g3 Nc6 3. Bg2 g6 4. Nf3 Bg7 5. Nc3 e5 6. d3 Nge7 7. O-O O-O 8. Be3
d6 9. Qd2 Nf5 10. Rab1 Nxe3 11. Qxe3 f5 12. Nd5 Ne7 13. Ng5 h6 14. Nxe7+ Qxe7
15. Bd5+ Kh8 16. Nh3 f4 17. gxf4 Bxh3 18. Qxh3 Rxf4 19. Kh1 Raf8 20. Qg2 Qg5
21. Bxb7 Qxg2+ 22. Kxg2 Rb8 23. Bd5 h5 24. f3 Rbf8 25. Be4 g5 26. h3 g4 27.
hxg4 hxg4 28. fxg4 Rxg4+ 29. Kh3 Rgf4 30. Rh1 Bh6 31. Bf3 Rg8 32. Rbg1 Rxg1 33.
Rxg1 Rf7 34. Bd5 Rg7 35. Rxg7 Kxg7 36. Kg4 Kf6 37. e4 Be3 38. b3 a5 39. Kh5 Bd2
40. a3 Bc1 41. b4 cxb4 42. axb4 axb4 43. c5 1/2-1/2

[Event "3. ODEM U25 2006"]
[Site "Willingen GER"]
[Date "2006.06.10"]
[Round "9"]
[White "Tsoumanis, Konstantinos"]
[Black "Knies, Jonas"]
[Result "1/2-1/2"]
[Termination "normal"]
[Board "45"]
[WhiteElo "1322"]
[BlackElo "1191"]
[PlyCount "110"]
[BlackFideId "4635167"]
[EventCountry "GER"]
[EventRounds "9"]
[EventType "swiss"]
[EventDate "2006.06.03"]

1. Nf3 d5 2. d4 e6 3. g3 f5 4. Ne5 Nf6 5. Bg5 Be7 6. Nd2 O-O 7. e3 Bd7 8. Bg2
Be8 9. c4 c6 10. Qb3 Qc7 11. O-O Nbd7 12. cxd5 exd5 13. Nxd7 Qxd7 14. Rfe1 h6
15. Bxf6 Bxf6 16. Nf3 Bh5 17. Ne5 Qc7 18. f4 Kh8 19. Rac1 g5 20. Bxd5 Qg7 21.
fxg5 Bxg5 22. Bg2 c5 23. Rxc5 Rac8 24. Rxc8 Rxc8 25. Qxb7 Qxb7 26. Bxb7 Rb8 27.
Bd5 Rxb2 28. Nf7+ Bxf7 29. Bxf7 Kg7 30. Bd5 Kf6 31. e4 fxe4 32. Bxe4 Rxa2 33.
d5 Ra3 34. Rd1 Ke5 35. Bg2 Ra4 36. d6 Rd4 37. Rxd4 Kxd4 38. d7 Kc5 39. Kf2 Kd6
40. Bh3 a5 41. Ke2 Kc5 42. Kd1 Kd6 43. Kc2 Bd8 44. Bf5 Be7 45. Kb3 h5 46. h4
Ke5 47. Bg6 Kd6 48. Bxh5 Kxd7 49. Be2 Ke8 50. h5 Kf7 51. g4 Kg7 52. Bd1 Kh6 53.
Kc4 Kg5 54. Kb5 Kh6 55. Kxa5 Bg5 1/2-1/2

[Event "3. ODEM U25 2006"]
[Site "Willingen GER"]
[Date "2006.06.10"]
[Round "9"]
[White "Bauer, Hermann"]
[Black "Gogol, Max"]
[Result "1-0"]
[Termination "normal"]
[Board "46"]
[WhiteElo "1022"]
[BlackElo "1220"]
[PlyCount "46"]
[WhiteFideId "24601730"]
[BlackFideId "4620429"]
[EventCountry "GER"]
[EventRounds "9"]
[EventType "swiss"]
[EventDate "2006.06.03"]

1. d4 d5 2. e4 dxe4 3. Nc3 Nf6 4. f3 exf3 5. Nxf3 Bg4 6. Bd3 Nbd7 7. O-O e6 8.
Bg5 Be7 9. Qe1 O-O 10. Qh4 Bxf3 11. Rxf3 h6 12. Bxh6 g6 13. Bxf8 Qxf8 14. Rh3
Nh5 15. Qf2 e5 16. Rxh5 gxh5 17. Qf5 e4 18. Nxe4 Nb6 19. Nf6+ Kg7 20. Qg5+ Kh8
21. Qxh5+ Kg7 22. Rf1 Qh8 23. Ne8+ Rxe8 1-0

[Event "3. ODEM U25 2006"]
[Site "Willingen GER"]
[Date "2006.06.10"]
[Round "9"]
[White "Groß, Jonathan"]
[Black "Stövesand, Peter"]
[Result "1/2-1/2"]
[Termination "normal"]
[Board "47"]
[WhiteElo "1008"]
[BlackElo "1050"]
[PlyCount "83"]
[BlackFideId "1270624"]
[EventCountry "GER"]
[EventRounds "9"]
[EventType "swiss"]
[EventDate "2006.06.03"]

1. e4 e5 2. Nf3 Nc6 3. Bc4 Bc5 4. b4 Bxb4 5. c3 Ba5 6. O-O Nf6 7. Re1 d6 8. h3
O-O 9. Re2 Be6 10. Bxe6 fxe6 11. d4 Bb6 12. Qd3 exd4 13. cxd4 e5 14. Bb2 Qe7
15. Nbd2 Rae8 16. Rae1 exd4 17. Nxd4 Nxd4 18. Bxd4 Bxd4 19. Qxd4 c5 20. Qc4+
Qf7 21. Qxf7+ Rxf7 22. Nc4 d5 23. Nd6 Rd8 24. Nxf7 Kxf7 25. exd5 Nxd5 26. Rd2
Kf6 27. g4 h6 28. Kh2 g5 29. Kg3 b6 30. h4 a6 31. hxg5+ hxg5 32. f3 c4 33. a4
b5 34. axb5 axb5 35. Rb1 b4 36. Rxb4 Nxb4 37. Rxd8 c3 38. Rc8 c2 39. Kf2 Nd3+
40. Ke3 c1=Q+ 41. Rxc1 Nxc1 42. f4 1/2-1/2

[Event "3. ODEM U25 2006"]
[Site "Willingen GER"]
[Date "2006.06.10"]
[Round "9"]
[White "Neumair, Dorian"]
[Black "Scheidel, Marius"]
[Result "0-1"]
[Termination "normal"]
[Board "48"]
[WhiteElo "950"]
[BlackElo "1014"]
[PlyCount "36"]
[EventCountry "GER"]
[EventRounds "9"]
[EventType "swiss"]
[EventDate "2006.06.03"]

1. e4 c5 2. Nf3 Nc6 3. Nc3 e5 4. Bc4 g6 5. d3 h6 6. Be3 d6 7. O-O Bg7 8. Nd2
Nge7 9. Qf3 O-O 10. Qg3 Nd4 11. Rac1 a6 12. a3 b5 13. Ba2 Qa5 14. Nd5 Ne2+ 15.
Kh1 Nxg3+ 16. hxg3 Nxd5 17. Bxd5 Rb8 18. c3 Qc7 0-1